000 00843nam a22001937a 4500
005 20240402104559.0
010 _aHIN-127237
020 _a9789392422041
_c475.00
035 _aHN-99583
037 _bDBAD/PUB.
082 _a000
_21
100 _aद्विवेदी,रमेश
_964125
245 _aज्ञान -विज्ञानं प्रश्नोतरी/
_cरमेश द्विवेदी
250 _a1
260 _a दिल्ली
_bशर्मा एंड कंपनी
_c2021
270 _a1/2970 गली न 14 टॉप फ्लोर जायसवाल मार्ग रामनगर एक्सटेंशन
_bदिल्ली
_e110032
300 _a132पृ;
_c23 सेमी (सजिल्द)
942 _adpl
_cHN
_2ddc
_h000
_mद्विवेदी
999 _c201851
_d201851